MARC

Tag First Indicator Second Indicator Subfields
LEADER 00000cam a2200000 a 4500
001 in00000005192
005 20150923173101.0
008 990729s1999 dcua g t f000 0 eng d
035 |a (OCoLC)41976623 
035 |9 AJJ1605AM 
040 |d ALR  |d GPO  |d DLC  |d MvI  |d UtOrBLW 
043 |a n-us--- 
049 |a UDOC 
074 |a 1061-G-01 
086 0 |a Y 3.F 31/21-3:2 F 31/4 
090 |a JK411  |b .F57 1999 
245 0 0 |a FLRA :  |b 20 years : 1979 - 1999. 
246 1 0 |a Federal Labor Relations Authority :  |b 20th anniversary 
246 1 0 |a Federal Labor Relations Authority :  |b twentieth anniversary 
264 1 |a Washington, D.C. :  |b Federal Labor Relations Authority,  |c [1999] 
300 |a 47 pages :  |b illustrations ;  |c 26 cm. 
336 |a text  |b txt  |2 rdacontent 
337 |a unmediated  |b n  |2 rdamedia 
338 |a volume  |b nc  |2 rdacarrier 
500 |a Cover title. 
500 |a Shipping list number: 99-0280-P. 
500 |a "May 26, 1999." 
500 |a Shipping List #: 99-0280-P 
500 |a Shipping List Date: 06/23/99 
610 1 0 |a United States.  |b Federal Labor Relations Authority  |x Anniversaries, etc. 
650 0 |a Administrative agencies  |z United States  |x History. 
650 0 |a Employee-management relations in government  |x Law and legislation  |z United States  |x History. 
650 0 |a Collective labor agreements  |x Government employees  |z United States  |x History. 
710 1 |a United States.  |b Federal Labor Relations Authority. 
999 |a MARS 
999 f f |s 07a069c5-50fe-3be8-bb2a-21c7a177668e  |i 80e4fa7a-10f5-3996-a222-df630ae096ab  |t 0 
952 f f |p normal  |a Texas A&M University  |b College Station  |c Sterling C. Evans Library  |d Evans: US Documents (Annex 5th floor)  |t 0  |e Y 3.F 31/21-3:2 F 31/4  |h Superintendent of Documents classification  |i unmediated -- volume  |m A14824271036 
998 f f |a Y 3.F 31/21-3:2 F 31/4  |t 0  |l Evans: US Documents (Annex 5th floor)